Detekcia zmien využitia krajiny pomocou geoinformačných nástrojov
Salvato in:
| Autore principale: | |
|---|---|
| Altri autori: | |
| Natura: | Manoscritto Libro |
| Lingua: | slovacco |
| Pubblicazione: |
2025
|
| Soggetti: | |
| Accesso online: | http://is.stuba.sk/zp/portal_zp.pl?podrobnosti=178173 CRZP |
| Tags: |
Nessun Tag, puoi essere il primo ad aggiungerne!!
|
MARC
| LEADER | 00000ntm a22000003a 4500 | ||
|---|---|---|---|
| 001 | stuzp106091 | ||
| 003 | SK-STU | ||
| 005 | 20250729140327.8 | ||
| 007 | ta | ||
| 008 | 150427s2015----xo-----f-mn---000-0-slo-d | ||
| 040 | |a STU |b slo | ||
| 041 | 0 | |a slo | |
| 100 | 1 | |a Maksymchuk, Yaroslav |u 010160 |4 aut |U SvF Stavebná fakulta |T SvF Katedra vodného hospodárstva krajiny |X 122418 |U V160 |Y 16 |7 122418 | |
| 242 | 0 | 1 | |a Detection of Land Use Changes Using Geoinformation Tools |y eng |
| 245 | 1 | 0 | |a Detekcia zmien využitia krajiny pomocou geoinformačných nástrojov |
| 260 | |c 2025 | ||
| 650 | 4 | |a Poľnohospodársky pozemok |2 slo | |
| 650 | 4 | |a USLE |2 slo | |
| 650 | 4 | |a Priemerný ročný odnos pôdy |2 slo | |
| 650 | 4 | |a USLE |2 eng | |
| 650 | 4 | |a Agricultural land |2 eng | |
| 650 | 4 | |a Average annual soil transport |2 eng | |
| 700 | 1 | |a Danáčová, Michaela |u 010160 |k Z1 |4 ths |U SvF Stavebná fakulta |T SvF Katedra vodného hospodárstva krajiny |X 10113 |U V160 |Y 16 |7 A000010113 | |
| 856 | 4 | |u http://is.stuba.sk/zp/portal_zp.pl?podrobnosti=178173 | |
| 856 | 4 | |u https://opac.crzp.sk/?fn=detailBiblioForm&sid=C9A1C75A261DD259FA804C1E26A3 |z CRZP | |